Brigádní chozrasčot uplatňovaný ve s.p. Optimit Odry

Podrobná bibliografia
Hlavný autor: Buchta, Vladimír (Autor)
Médium: Článok
Jazyk:čeština
Predmet:

MARC

LEADER 00000nab a2200000 a 4500
001 vtls000360794
003 SK-MaSNL
005 20260303171834.0
008 111202c1989 xo 0 cze
015 |a SNBRA19rr/mm-uuuuu 
035 |a CL0360916 
040 |a SNKBUCL  |b slo  |c SNKBUCL  |e AACR2 
041 0 |a cze 
044 |a xo  |c SK 
080 |a 331.874  |2 1981 
080 |a 331.236  |2 1981 
080 |a 338.244.018  |2 1981 
080 |a 681.7  |2 1981 
100 1 |a Buchta, Vladimír  |4 aut  |9 1170321 
245 1 0 |a Brigádní chozrasčot uplatňovaný ve s.p. Optimit Odry  |c Vladimír Buchta 
650 0 7 |a organizácia práce  |2 snkbucl  |9 2330 
650 0 7 |a odmeňovanie  |2 snkbucl  |9 2329 
650 0 7 |a chozrasčot brigádny  |2 snkbucl  |9 922420 
650 0 7 |a Optimit, š.p., Odry  |2 snkbucl  |9 1196639 
655 7 |a články zo zborníkov  |2 snkbucl  |9 166140 
773 0 |t Riadenie kolektívov uplatňujúcich BFOPO  |d Bratislava : Dom techniky ČSVTS, 1989 
850 |a Slovenská národná knižnica v Martine  |a MTA001 
852 |a SNK  |b KIS3GCP 
958 |a RK 
992 |a RZB 
999 |c 2083636  |d 2085566